Herr der Ringe Bildschirmzeit "Extended Cut" - Statistiken

Allgemein
  • Dieses Quiz wurde 107 mal gespielt
  • Das Durchschnittsergebnis liegt bei 23 aus 30
Antwortstatistiken
Hint Antwort % Korrekt
140 Frodo
100%
86:30 Gandalf
100%
92:45 Samwise
100%
39 Gimli
99%
39:15 Legolas
98%
67 Pippin
98%
96:15 Aragorn
96%
27:15 Boromir
96%
55:30 Merry
95%
4:15 Sauron
95%
13:45 Saruman
94%
19:45 Faramir
91%
39:30 Gollum
91%
15:15 Bilbo
89%
26:15 Theoden
88%
10:15 Galadriel
86%
13 Elrond
84%
15:45 Arwen
83%
28:30 Eowyn
83%
10:45 Eomer
78%
13:45 Baumbart
68%
10:30 Denethor
68%
7:15 Grima Schlangenzunge
66%
7 Hexenkönig von Angmar
66%
3 Haldir
45%
3:30 Kankra
36%
3 Lurtz
29%
4 Gamling
25%
3:30 Gothmog
20%
3:45 Deagol
18%
Keine übereinstimmenden Quizze gefunden
Verteilung der Resultate
Anzahl Personen mit jedem Resultat
Perzentil nach korrekt beantworteten Fragen
Ihre Resultats-Entwicklung
Sie haben dieses Quiz noch nicht gespielt